[Event "Saint Louis Masters 2026"]
[Site "Saint Louis USA"]
[Date "2026.02.25"]
[Round "1.22"]
[White "Sargsyan, Anna M."]
[Black "Kadric, Denis"]
[Result "0-1"]
[WhiteTitle "IM"]
[BlackTitle "GM"]
[WhiteElo "2372"]
[BlackElo "2540"]
[WhiteFideId "13308130"]
[BlackFideId "14403803"]
[EventDate "2026.02.25"]

1. e4 e6 2. d4 d5 3. e5 c5 4. c3 Nc6 5. Nf3 Bd7 6. Be2 Nge7 7. Na3 cxd4 8. cxd4
Nf5 9. Nc2 f6 10. g4 Nh6 11. exf6 gxf6 12. g5 Nf7 13. h4 Bd6 14. Rg1 Qe7 15.
gxf6 Qxf6 16. Ng5 O-O-O 17. Nxf7 Qxf7 18. Bh5 Qf5 19. Bg4 Rdg8 20. Bg5 Qg6 21.
Rg2 h6 22. Be3 h5 23. Bf3 Qf5 24. Rc1 Rf8 25. Be2 Qh3 26. Rg7 Qxh4 27. Qd3 Bf4
28. Kd2 Qxf2 29. b4 Kd8 30. Qb5 b6 31. Qa6 Bc8 32. Qd3 Ne7 33. Bxf4 Qxf4+ 34.
Ne3 Bd7 35. Rf1 Qd6 36. Rxf8+ Rxf8 37. a3 Qf4 38. Kc3 h4 39. Ng4 Nf5 40. Rh7 Ba4
41. b5 Qc1+ 42. Kb4 Bc2 0-1

[Event "Saint Louis Masters 2026"]
[Site "Saint Louis USA"]
[Date "2026.02.25"]
[Round "1.23"]
[White "Alexakis, Dimitris"]
[Black "Ostrovskiy, Aleksandr"]
[Result "1-0"]
[WhiteTitle "GM"]
[BlackTitle "IM"]
[WhiteElo "2538"]
[BlackElo "2367"]
[WhiteFideId "4277023"]
[BlackFideId "2034239"]
[EventDate "2026.02.25"]

1. e4 e6 2. d4 d5 3. Nc3 Bb4 4. e5 c5 5. a3 Ba5 6. b4 cxd4 7. Qg4 Kf8 8. bxa5
dxc3 9. Nf3 Nc6 10. h4 Nge7 11. h5 h6 12. a4 Qxa5 13. Ba3 Kg8 14. Rh3 b6 15. Nd4
Nxe5 16. Qh4 g5 17. hxg6 N7xg6 18. Qd8+ Kg7 19. Qc7 Bd7 20. Bd6 Nc4 21. Bxc4
dxc4 22. Qxd7 Qd5 23. Rf3 e5 24. Bf8+ Rhxf8 25. Nf5+ 1-0

[Event "Saint Louis Masters 2026"]
[Site "Saint Louis USA"]
[Date "2026.02.25"]
[Round "1.24"]
[White "Atwell, Rose"]
[Black "Harsha, Bharathakoti"]
[Result "1-0"]
[WhiteTitle "FM"]
[BlackTitle "GM"]
[WhiteElo "2337"]
[BlackElo "2538"]
[WhiteFideId "30951011"]
[BlackFideId "5078776"]
[EventDate "2026.02.25"]

1. d4 d5 2. c4 e6 3. Nf3 Nf6 4. g3 Bb4+ 5. Bd2 Bd6 6. Bg2 O-O 7. O-O Nbd7 8. Qc2
c6 9. Rd1 Qe7 10. b3 Ne4 11. Bc1 f5 12. Nbd2 b6 13. Bb2 a5 14. Ne1 Ba6 15. Nd3
Rac8 16. Rac1 c5 17. dxc5 bxc5 18. Nf4 d4 19. Nxe4 fxe4 20. Qxe4 Bxf4 21. gxf4
Rb8 22. Ba3 Qe8 23. e3 Bb7 24. Qd3 Bxg2 25. Kxg2 e5 26. Qe4 Nf6 27. Qxe5 Qg6+
28. Qg5 Qe4+ 29. f3 Qxe3 30. Qe5 Rfe8 31. Qxe3 Rxe3 32. Bxc5 Re2+ 33. Kg1 Rxa2
34. Bxd4 Nh5 35. Ra1 Rxa1 36. Rxa1 Rxb3 37. Be5 Rb4 38. Rc1 Rb6 39. c5 Rc6 40.
Kf2 Kf7 41. Ke3 Ke6 42. Ke4 g6 43. Kd4 a4 44. Kc4 Rc8 45. Kb5 g5 46. Kxa4 gxf4
47. Bd6 Ng7 48. Re1+ Kd5 49. Kb5 Ra8 50. Rd1+ Ke6 51. Re1+ Kd5 52. Rd1+ Ke6 53.
c6 Nf5 54. Bxf4 Ne7 55. c7 Nd5 56. Rxd5 Kxd5 57. Kb6 1-0

[Event "Saint Louis Masters 2026"]
[Site "Saint Louis USA"]
[Date "2026.02.25"]
[Round "1.25"]
[White "Gazik, Viktor"]
[Black "Wang, Tianqi"]
[Result "1-0"]
[WhiteTitle "GM"]
[BlackTitle "IM"]
[WhiteElo "2537"]
[BlackElo "2331"]
[WhiteFideId "14928752"]
[BlackFideId "2063824"]
[EventDate "2026.02.25"]

1. e4 d5 2. exd5 Qxd5 3. Nc3 Qd6 4. d4 Nf6 5. Nf3 Nc6 6. Nb5 Qd8 7. d5 Nb4 8. c4
Na6 9. a3 g6 10. Be2 Bg7 11. O-O O-O 12. Bf4 c6 13. dxc6 bxc6 14. Nc3 Nh5 15.
Be5 f6 16. Bg3 Nxg3 17. hxg3 e5 18. Qa4 Qc7 19. b4 f5 20. c5 e4 21. Nd2 Kh8 22.
Rac1 Nb8 23. Nc4 Nd7 24. Rfd1 Ne5 25. Nd6 Be6 26. b5 h5 27. bxc6 Nxc6 28. Ndb5
Qe7 29. Rd6 Rac8 30. Qa6 Nb8 31. Rxe6 Qg5 32. Qxa7 Qxc1+ 33. Kh2 Bxc3 34. Nxc3
Nc6 35. Qd7 Rg8 36. Nd5 Nb8 37. Qb7 Qxc5 38. Re7 1-0

[Event "Saint Louis Masters 2026"]
[Site "Saint Louis USA"]
[Date "2026.02.25"]
[Round "1.26"]
[White "Kavutskiy, Kostya"]
[Black "Matviishen, Viktor"]
[Result "0-1"]
[WhiteTitle "IM"]
[BlackTitle "GM"]
[WhiteElo "2330"]
[BlackElo "2533"]
[WhiteFideId "2026384"]
[BlackFideId "14129850"]
[EventDate "2026.02.25"]

1. d4 Nf6 2. c4 e6 3. Nc3 d5 4. cxd5 exd5 5. Bg5 Be7 6. e3 h6 7. Bh4 Bg4 8. Qc2
O-O 9. h3 Be6 10. Nf3 Ne8 11. Bxe7 Qxe7 12. Bd3 Nd7 13. O-O c6 14. Rab1 Nd6 15.
b4 Nb6 16. Ne5 Nbc4 17. Bxc4 dxc4 18. Rfe1 Qg5 19. Kh2 f6 20. Nf3 Qh5 21. Ng1 b5
22. a4 a6 23. axb5 axb5 24. Ra1 Qf7 25. Qb2 Qc7 26. Kh1 Rae8 27. e4 f5 28. e5
Nc8 29. Nge2 f4 30. f3 Nb6 31. Qd2 Qe7 32. Ne4 Nd5 33. Nc5 Qh4 34. Ng1 Bf5 35.
Ne4 Re6 36. Re2 Qe7 37. Nc5 Rg6 38. Qe1 Kh7 39. Ra3 Rd8 40. Rea2 Ne3 41. Rxe3
fxe3 42. Qxe3 Qg5 43. Qc3 Qg3 44. Qe3 Ra8 45. Re2 Bxh3 46. gxh3 Ra1 0-1

[Event "Saint Louis Masters 2026"]
[Site "Saint Louis USA"]
[Date "2026.02.25"]
[Round "1.27"]
[White "Kevlishvili, Robby"]
[Black "Paciorkowski, Lev"]
[Result "1/2-1/2"]
[WhiteTitle "GM"]
[WhiteElo "2527"]
[BlackElo "2315"]
[WhiteFideId "1040634"]
[BlackFideId "30904625"]
[EventDate "2026.02.25"]

1. e4 c5 2. Nf3 d6 3. d4 cxd4 4. Nxd4 Nf6 5. Nc3 a6 6. g3 e5 7. Nb3 Be7 8. Bg2
O-O 9. O-O Be6 10. a4 b6 11. Re1 Nbd7 12. Nd2 Qc7 13. Nf1 Rab8 14. Ne3 b5 15.
axb5 axb5 16. Bd2 b4 17. Ncd5 Bxd5 18. exd5 Nc5 19. Nc4 Rb5 20. b3 Nfd7 21. Qe2
Rfb8 22. Ra2 f5 23. Rea1 Ne4 24. Bxe4 fxe4 25. Qxe4 Nf6 26. Qf5 Qc8 27. Qxc8+
Rxc8 28. Bg5 Rd8 29. Ra7 Bf8 30. Bxf6 gxf6 31. Ne3 Rdb8 32. Kg2 R5b7 33. Kf3 Kf7
34. Ke4 Kg6 35. Nf5 Rxa7 36. Rxa7 Rc8 37. Ne3 f5+ 38. Nxf5 Rxc2 39. Ra8 Kf7 40.
Rb8 Rxf2 41. h4 Re2+ 42. Kd3 Rf2 43. Ne3 Rf3 44. Ke2 Rxg3 45. Rxb4 Rh3 46. Rc4
Be7 47. Rc7 Kf6 48. Ng4+ Kf7 49. Ne3 Kf6 50. Ng4+ Kf7 51. Nxe5+ dxe5 52. d6 Rxh4
53. Rxe7+ Kf6 54. Ke3 1/2-1/2

[Event "Saint Louis Masters 2026"]
[Site "Saint Louis USA"]
[Date "2026.02.25"]
[Round "1.28"]
[White "Yu, Jennifer"]
[Black "Chasin, Nico"]
[Result "1-0"]
[WhiteTitle "FM"]
[BlackTitle "IM"]
[WhiteElo "2309"]
[BlackElo "2520"]
[WhiteFideId "2078341"]
[BlackFideId "30908477"]
[EventDate "2026.02.25"]

1. Nf3 c5 2. c4 g6 3. Nc3 Bg7 4. g3 Nc6 5. Bg2 e6 6. O-O Nge7 7. e3 O-O 8. d4 b6
9. b3 Ba6 10. Re1 d5 11. cxd5 exd5 12. Ba3 Nb4 13. Bxb4 cxb4 14. Ne2 Bb7 15. Qd2
a5 16. Rec1 Nf5 17. Ne5 Re8 18. Nf4 Qd6 19. Ned3 g5 20. Nh5 Bh8 21. Rc2 Ba6 22.
Rac1 Ne7 23. Ne5 Bb5 24. e4 f6 25. Ng4 dxe4 26. Bxe4 Rad8 27. Rc7 Bg7 28. Qc2 f5
29. Nxg7 Kxg7 30. Bxf5 Qxd4 31. Re1 Kf8 32. Ne5 Rd5 33. Nf3 Qf6 34. Be4 Rd6 35.
Qc1 h6 36. h4 g4 37. Nd2 Re6 38. Re3 Qd4 39. Nc4 Qf6 40. Qd1 h5 41. Bg2 Bxc4 42.
Rxc4 Rxe3 43. fxe3 Qe5 44. Rf4+ Kg7 45. Qd7 Qb8 46. Re4 Kf8 47. Rf4+ Kg7 48.
Qd4+ Kh6 49. Qf6+ Ng6 50. Qg5+ Kg7 51. Rf6 1-0

[Event "Saint Louis Masters 2026"]
[Site "Saint Louis USA"]
[Date "2026.02.25"]
[Round "1.29"]
[White "Kantor, Gergely"]
[Black "Chirilov, James A"]
[Result "1-0"]
[WhiteTitle "GM"]
[BlackTitle "FM"]
[WhiteElo "2515"]
[BlackElo "2264"]
[WhiteFideId "751499"]
[BlackFideId "30976677"]
[EventDate "2026.02.25"]

1. e4 c5 2. Nf3 d6 3. d4 cxd4 4. Nxd4 Nf6 5. Nc3 a6 6. Bg5 Nbd7 7. Bc4 Qc7 8.
Qe2 e6 9. O-O-O Nc5 10. Bxf6 gxf6 11. Rhe1 b5 12. Bd5 Bb7 13. Bxb7 Qxb7 14. Qh5
Rg8 15. g3 Rg5 16. Qxh7 b4 17. Nd5 Rg6 18. Nf4 Rh6 19. Qg8 O-O-O 20. Qg4 f5 21.
exf5 e5 22. f6+ Kb8 23. Nf5 exf4 24. Nxh6 Bxh6 25. Qh5 Rh8 26. Kb1 Ne4 27. Ka1
fxg3 28. hxg3 Nxf6 29. Qf5 Bg7 30. Rxd6 Rh1 31. Rd8+ Kc7 32. Qa5+ 1-0

[Event "Saint Louis Masters 2026"]
[Site "Saint Louis USA"]
[Date "2026.02.25"]
[Round "1.30"]
[White "Apaar Saxena"]
[Black "Heimann, Mark"]
[Result "1-0"]
[WhiteTitle "FM"]
[BlackTitle "GM"]
[WhiteElo "2263"]
[BlackElo "2511"]
[WhiteFideId "25937219"]
[BlackFideId "2028441"]
[EventDate "2026.02.25"]

1. d4 d5 2. c4 e6 3. Nf3 c6 4. g3 dxc4 5. Bg2 b5 6. O-O Nf6 7. b3 cxb3 8. Qxb3
Bb7 9. Rd1 Nbd7 10. Nc3 Be7 11. Ne5 Nd5 12. Ne4 Nxe5 13. dxe5 O-O 14. Nd6 Qc7
15. Bb2 a5 16. Rac1 Qb8 17. Bd4 Ra6 18. Bc5 Ba8 19. f4 Rd8 20. e4 Nb6 21. f5 a4
22. Qf3 Nd7 23. fxe6 Nxe5 24. exf7+ Kf8 25. Qf5 Rxd6 26. Rxd6 Bxd6 27. Qxe5
Bxc5+ 28. Qxc5+ Kxf7 29. Rf1+ Kg8 30. Bh3 h6 31. Rf8+ Qxf8 32. Be6+ Qf7 33. Qe7
Qxe6 34. Qxe6+ Kh7 35. Qf5+ 1-0

[Event "Saint Louis Masters 2026"]
[Site "Saint Louis USA"]
[Date "2026.02.25"]
[Round "1.31"]
[White "Mardov, Dimitar"]
[Black "Cervantes Landeiro, Thalia"]
[Result "1-0"]
[WhiteTitle "IM"]
[BlackTitle "FM"]
[WhiteElo "2504"]
[BlackElo "2247"]
[WhiteFideId "30919495"]
[BlackFideId "3520498"]
[EventDate "2026.02.25"]

1. c4 e5 2. Nc3 Nf6 3. Nf3 Nc6 4. g3 Bb4 5. Bg2 O-O 6. Nd5 Be7 7. O-O d6 8. d3
h6 9. Bd2 Be6 10. Ne1 a5 11. Nc2 Qd7 12. Bc3 Bh3 13. f4 Bxg2 14. Kxg2 Nxd5 15.
cxd5 Nb4 16. Nxb4 axb4 17. Bxb4 exf4 18. Rxf4 Bg5 19. Rf1 f5 20. Bc3 Rae8 21.
Qc2 f4 22. Rf3 fxg3 23. hxg3 Rxf3 24. exf3 Qf5 25. Re1 Rf8 26. Qe2 Qxd5 27. Qe4
Qxa2 28. Qxb7 Qf7 29. Re2 c5 30. Qc6 Bf6 31. f4 Bxc3 32. bxc3 Rd8 33. c4 Qg6 34.
Qd5+ Kh8 35. Kf3 Qf6 36. Re6 Qa1 37. Kf2 Qb2+ 38. Re2 Qf6 39. Re6 Qb2+ 40. Re2
Qf6 41. Kf3 Qa1 42. Kg2 Qf6 43. Kh3 Qa1 44. Kg2 Qf6 45. Re6 Qb2+ 46. Kh3 Qb8 47.
f5 Qc8 48. Kh4 Qd7 49. g4 Kh7 50. Kg3 Qc7 51. f6 Rd7 52. Qe4+ Kg8 53. Re8+ Kf7
54. Qe6+ Kg6 55. fxg7+ 1-0

[Event "Saint Louis Masters 2026"]
[Site "Saint Louis USA"]
[Date "2026.02.25"]
[Round "1.32"]
[White "Caglar, Sila"]
[Black "Budisavljevic, Luka"]
[Result "0-1"]
[WhiteTitle "WIM"]
[BlackTitle "GM"]
[WhiteElo "2215"]
[BlackElo "2501"]
[WhiteFideId "6364063"]
[BlackFideId "960047"]
[EventDate "2026.02.25"]

1. e4 e5 2. Nf3 Nc6 3. Bc4 Bc5 4. O-O Nf6 5. d3 d6 6. c3 a6 7. a4 Ba7 8. Re1 h6
9. Be3 Bxe3 10. Rxe3 O-O 11. Nbd2 Kh8 12. a5 Ng4 13. Re1 f5 14. h3 fxe4 15. dxe4
Nf6 16. Nh4 Qe8 17. Nf1 Nh5 18. Be2 Nf4 19. Bg4 Qf7 20. Re3 Ne7 21. Kh2 g5 22.
Nf3 Rg8 23. g3 Bxg4 24. hxg4 Ne6 25. Kg1 Raf8 26. N1h2 h5 27. Qf1 Rg7 28. b4 Ng8
29. Nd2 Rh7 30. Rf3 Nf6 31. Qg2 Qg6 32. gxh5 Rxh5 33. Re3 g4 34. f3 Ng5 35. Rf1
Kg7 36. f4 Nh3+ 37. Kh1 Rfh8 38. fxe5 dxe5 39. Rf5 Nxe4 40. Qxe4 Rxf5 41. Qxb7
Nf2+ 42. Kg1 Rxh2 43. Kxh2 Qh6+ 44. Kg1 Qxe3 45. Qxc7+ Rf7 0-1

[Event "Saint Louis Masters 2026"]
[Site "Saint Louis USA"]
[Date "2026.02.25"]
[Round "1.33"]
[White "Kacharava, Nikolozi"]
[Black "Antova, Gabriela"]
[Result "1-0"]
[WhiteTitle "GM"]
[BlackTitle "FM"]
[WhiteElo "2501"]
[BlackElo "2168"]
[WhiteFideId "13611860"]
[BlackFideId "2915235"]
[EventDate "2026.02.25"]

1. e4 e5 2. Nf3 Nc6 3. Bc4 Nf6 4. d3 h6 5. O-O d6 6. a4 Be7 7. a5 a6 8. Re1 O-O
9. Nc3 Be6 10. Nd5 Bxd5 11. exd5 Nb4 12. d4 c6 13. dxe5 dxe5 14. Nxe5 cxd5 15.
Bb3 Bc5 16. Be3 Bxe3 17. Rxe3 Nc6 18. Nxc6 bxc6 19. Qd4 Qd6 20. Qe5 Qxe5 21.
Rxe5 Rab8 22. Re7 Ne4 23. Ba4 Rfc8 24. b3 Nc5 25. f3 Kf8 26. Ra7 Rb7 27. Rxb7
Nxb7 28. b4 Nd6 29. Re1 c5 30. Re5 cxb4 31. Rxd5 Ke7 32. Kf2 Rc3 33. Ke2 Ra3 34.
Bb3 Nb5 35. Kd3 Rxa5 36. Re5+ Kf6 37. Re4 Nd6 38. Rxb4 Rg5 39. Rb6 Ke7 40. g4 a5
41. c4 f6 42. Kd4 h5 43. c5 Ne8 44. Re6+ Kd8 45. h4 Re5 46. Rxe5 fxe5+ 47. Kxe5
hxg4 48. fxg4 Ke7 49. g5 Nc7 50. h5 a4 51. Bc4 a3 52. h6 gxh6 53. gxh6 Kf8 54.
Kf6 1-0

[Event "Saint Louis Masters 2026"]
[Site "Saint Louis USA"]
[Date "2026.02.25"]
[Round "1.34"]
[White "Gueci, Tea"]
[Black "Repka, Christopher"]
[Result "0-1"]
[WhiteTitle "WIM"]
[BlackTitle "GM"]
[WhiteElo "2138"]
[BlackElo "2495"]
[WhiteFideId "872342"]
[BlackFideId "14918781"]
[EventDate "2026.02.25"]

1. e4 g6 2. d4 Bg7 3. c3 d6 4. Nf3 Nf6 5. Bd3 O-O 6. O-O Nc6 7. h3 e5 8. d5 Ne7
9. c4 Nd7 10. Nc3 f5 11. Rb1 a5 12. a3 Nc5 13. Bc2 a4 14. Be3 Nxe4 15. Nxe4 fxe4
16. Bxe4 Nf5 17. Bd2 Nh4 18. Nh2 Nf5 19. Nf3 Nd4 20. Nxd4 exd4 21. Qc2 Qh4 22.
Rbe1 Bd7 23. Re2 Rf7 24. Rfe1 Raf8 25. f4 Bh6 26. Qd3 Bxf4 27. Qxd4 Bg3 28. Bc3
Bxe1 29. Rxe1 Qf2+ 30. Qxf2 Rxf2 31. Bf3 R2xf3 32. gxf3 Rxf3 33. Kg2 Rf4 34. Re7
Rf7 35. Re3 Kf8 36. Kg3 g5 37. Bb4 b6 38. b3 axb3 39. Rxb3 Rf4 40. Rc3 Kf7 41.
Rc1 Rh4 42. Rf1+ Ke7 43. Re1+ Kd8 44. Rf1 Rxh3+ 45. Kg2 Rh4 46. Rf7 Rxc4 47.
Rxh7 Rd4 48. Rh8+ Be8 49. Bc3 Rxd5 50. Bf6+ Kd7 51. Rg8 Rd3 52. a4 Ra3 53. Rg7+
Kc6 54. Bd8 Bd7 55. Rxg5 Rxa4 56. Kf2 Re4 0-1

[Event "Saint Louis Masters 2026"]
[Site "Saint Louis USA"]
[Date "2026.02.25"]
[Round "2.1"]
[White "Kadric, Denis"]
[Black "Caruana, Fabiano"]
[Result "0-1"]
[WhiteTitle "GM"]
[BlackTitle "GM"]
[WhiteElo "2540"]
[BlackElo "2795"]
[WhiteFideId "14403803"]
[BlackFideId "2020009"]
[EventDate "2026.02.25"]

1. e4 c5 2. Ne2 Nf6 3. Nbc3 d6 4. g3 Nc6 5. Bg2 g6 6. d3 Bg7 7. h3 O-O 8. O-O
Rb8 9. a4 Ne8 10. Nd5 e6 11. Ne3 Nc7 12. c3 d5 13. f4 d4 14. Nc2 dxc3 15. bxc3
b6 16. Ra3 Bb7 17. c4 Na6 18. e5 Nab4 19. Nxb4 Nxb4 20. a5 Bxg2 21. Kxg2 Qd7 22.
axb6 axb6 23. Qb3 Rfd8 24. Rf3 Qc6 25. Kf2 Bf8 26. Bd2 b5 27. Ra5 Qd7 28. Bxb4
bxc4 29. Qxc4 cxb4 30. d4 Qb7 31. Ra2 Rdc8 32. Qb3 Ra8 33. Rxa8 Rxa8 34. Qb2 Qe4
35. Qc1 Ra3 36. Re3 Qd5 37. Qb1 Kg7 38. h4 h5 39. Qb2 Qh1 40. Qc1 Qd5 41. Qb1
Be7 42. Qb2 Qa8 43. Rb3 Ra2 44. Qb1 Ra1 45. Qd3 Qh1 46. Ke3 Re1 47. Rb2 Qf1 48.
Ke4 Ra1 49. Ke3 Ra3 50. Rb3 Qa1 51. Qc2 Qh1 52. Rxa3 bxa3 53. Qa2 Bb4 54. Kd3
Qf3+ 0-1

[Event "Saint Louis Masters 2026"]
[Site "Saint Louis USA"]
[Date "2026.02.25"]
[Round "2.2"]
[White "Aryan, Chopra"]
[Black "Alexakis, Dimitris"]
[Result "1/2-1/2"]
[WhiteTitle "GM"]
[BlackTitle "GM"]
[WhiteElo "2631"]
[BlackElo "2538"]
[WhiteFideId "5084423"]
[BlackFideId "4277023"]
[EventDate "2026.02.25"]

1. e4 c5 2. Nf3 Nc6 3. Bb5 g6 4. O-O Bg7 5. c3 Nf6 6. Re1 O-O 7. d4 a6 8. Bf1 d5
9. e5 Ne4 10. Be3 cxd4 11. cxd4 f6 12. exf6 exf6 13. Nc3 f5 14. Qb3 f4 15. Bc1
Nxc3 16. bxc3 Rf7 17. Ba3 Bg4 18. Ne5 Bxe5 19. dxe5 Be6 20. Rad1 Rc8 21. Bc5 Na5
22. Qb4 Nc6 23. Qb3 Na5 24. Qb4 Nc6 1/2-1/2

[Event "Saint Louis Masters 2026"]
[Site "Saint Louis USA"]
[Date "2026.02.25"]
[Round "2.3"]
[White "Durarbayli, Vasif"]
[Black "Gazik, Viktor"]
[Result "1/2-1/2"]
[WhiteTitle "GM"]
[BlackTitle "GM"]
[WhiteElo "2612"]
[BlackElo "2537"]
[WhiteFideId "13402935"]
[BlackFideId "14928752"]
[EventDate "2026.02.25"]

1. e4 Nf6 2. e5 Nd5 3. d4 d6 4. c4 Nb6 5. exd6 exd6 6. Nc3 Be7 7. Bd3 O-O 8.
Nge2 Nc6 9. O-O Bg4 10. f3 Bh5 11. b3 Bf6 12. Be3 Re8 13. Qd2 Nb4 14. Bb1 Bg6
15. Ne4 a5 16. N2c3 Be7 17. d5 Bh4 18. a3 Na6 19. Bd3 f5 20. Ng3 Qf6 21. Nge2
Nc5 22. Bxc5 dxc5 23. g3 Bg5 24. f4 Bh6 25. Qc2 Nc8 26. Nb5 Re7 27. Rae1 c6 28.
dxc6 bxc6 29. Nbc3 Nd6 30. Na4 Rae8 31. Qc3 Qxc3 32. Naxc3 Re3 33. Rd1 Bh5 34.
Rd2 g6 35. Nd1 R3e6 36. Nc1 Bg7 37. Kg2 Bd4 38. h3 h6 39. Nf2 g5 40. g4 Bg6 41.
fxg5 hxg5 42. Re2 Rxe2 43. Nxe2 Re3 44. Nxd4 cxd4 45. c5 Ne4 46. gxf5 Nxf2 47.
Rxf2 Bf7 48. Rf3 Bd5 49. Bc4 Re5 50. Bxd5+ Rxd5 51. b4 axb4 52. axb4 d3 53. Rf1
Kf7 54. Rd1 Kf6 55. Kf3 Rd4 56. Ke3 Rxb4 57. Rxd3 Kxf5 58. Rd6 Rb3+ 59. Kd4 Rxh3
60. Rxc6 Rh1 1/2-1/2

[Event "Saint Louis Masters 2026"]
[Site "Saint Louis USA"]
[Date "2026.02.25"]
[Round "2.4"]
[White "Dudin, Gleb"]
[Black "Kantor, Gergely"]
[Result "0-1"]
[WhiteTitle "GM"]
[BlackTitle "GM"]
[WhiteElo "2596"]
[BlackElo "2515"]
[WhiteFideId "34184934"]
[BlackFideId "751499"]
[EventDate "2026.02.25"]

1. e4 e5 2. Nf3 Nc6 3. Bb5 a6 4. Ba4 Nf6 5. O-O Be7 6. d3 b5 7. Bb3 d6 8. a4 Bd7
9. c3 O-O 10. Ba2 Na5 11. b4 Nb7 12. axb5 axb5 13. Na3 c5 14. Nc2 h6 15. Bd2 Re8
16. Ne3 Bf8 17. h3 Bc6 18. Qe2 Ra4 19. Bb3 Rxa1 20. Rxa1 d5 21. exd5 Nxd5 22.
Ng4 Qc7 23. Ra6 cxb4 24. cxb4 Nd8 25. Bxh6 Nxb4 26. Nh4 Qd6 27. Nf5 Qg6 28. Rxc6
Nbxc6 29. Nh4 Nd4 30. Qd1 Qc6 31. Bd5 Qd6 32. Bg5 Qxd5 33. Nf6+ gxf6 34. Bxf6
Qe6 0-1

[Event "Saint Louis Masters 2026"]
[Site "Saint Louis USA"]
[Date "2026.02.25"]
[Round "2.5"]
[White "Matviishen, Viktor"]
[Black "Bharath, Subramaniyam H"]
[Result "0-1"]
[WhiteTitle "GM"]
[BlackTitle "GM"]
[WhiteElo "2533"]
[BlackElo "2595"]
[WhiteFideId "14129850"]
[BlackFideId "46634827"]
[EventDate "2026.02.25"]

1. d4 Nf6 2. c4 e6 3. Nc3 d5 4. cxd5 exd5 5. Bg5 Be7 6. e3 h6 7. Bh4 O-O 8. Bd3
Re8 9. Nge2 c6 10. O-O a5 11. Rc1 Nbd7 12. a4 Nh5 13. Bxe7 Qxe7 14. Qc2 Ndf6 15.
Rce1 g6 16. Nc1 Ng7 17. f3 c5 18. Bb5 Rd8 19. Nd3 b6 20. Qf2 Bb7 21. g4 Nfe8 22.
e4 dxe4 23. dxc5 Ne6 24. Nxe4 Bxe4 25. Rxe4 bxc5 26. Re5 Qf6 27. Rfe1 N8c7 28.
Bc4 Rd4 29. b3 Rad8 30. Nxc5 Rd1 31. Bf1 R8d2 32. R5e2 Rxe2 33. Rxe2 Nxc5 34.
Qxc5 Qxf3 35. Rf2 Qxg4+ 36. Kh1 Nd5 37. Qa7 Qe4+ 38. Kg1 Qg4+ 39. Kh1 Qe6 40.
Rf3 Re1 41. Qf2 Qe4 42. Kg1 Ne3 43. Qxe1 Qxf3 44. Qe2 Qxf1+ 45. Qxf1 Nxf1 46.
Kxf1 Kf8 47. b4 axb4 0-1

[Event "Saint Louis Masters 2026"]
[Site "Saint Louis USA"]
[Date "2026.02.25"]
[Round "2.6"]
[White "Mardov, Dimitar"]
[Black "Antipov, Mikhail Al."]
[Result "0-1"]
[WhiteTitle "IM"]
[BlackTitle "GM"]
[WhiteElo "2504"]
[BlackElo "2591"]
[WhiteFideId "30919495"]
[BlackFideId "4107012"]
[EventDate "2026.02.25"]

1. Nf3 c5 2. c4 g6 3. Nc3 Bg7 4. g3 Nc6 5. Bg2 d6 6. O-O Be6 7. b3 Qd7 8. Bb2
Bh3 9. Qb1 Bxg2 10. Kxg2 e5 11. e3 f5 12. Nd5 Nf6 13. d3 O-O 14. Nxf6+ Bxf6 15.
Qc2 b6 16. Qe2 a5 17. Nd2 Bg7 18. Kg1 Rae8 19. Rad1 Nd8 20. Ba1 Ne6 21. Qf3 h6
22. Qg2 Rf7 23. f4 Kh7 24. Kh1 exf4 25. gxf4 Bxa1 26. Rxa1 Ng7 27. Rae1 Nh5 28.
Rg1 Re6 29. Nb1 Rg7 30. Nc3 Nf6 31. Nd5 Nxd5 32. Qxd5 Rge7 33. Rg3 Qe8 34. a4
Qh8 35. e4 Qd4 36. Rge3 Qb2 37. e5 Qf2 38. Qf3 Qxf3+ 39. Rxf3 dxe5 40. Rfe3 g5
41. fxe5 f4 42. Re4 Rd7 43. Rd1 Kg6 44. d4 Kf5 0-1

[Event "Saint Louis Masters 2026"]
[Site "Saint Louis USA"]
[Date "2026.02.25"]
[Round "2.7"]
[White "Budisavljevic, Luka"]
[Black "Hong, Andrew"]
[Result "1/2-1/2"]
[WhiteTitle "GM"]
[BlackTitle "GM"]
[WhiteElo "2501"]
[BlackElo "2587"]
[WhiteFideId "960047"]
[BlackFideId "2099438"]
[EventDate "2026.02.25"]

1. e4 e5 2. Nf3 Nc6 3. Bb5 a6 4. Bxc6 dxc6 5. O-O f6 6. d4 exd4 7. Nxd4 c5 8.
Ne2 Qxd1 9. Rxd1 Bd7 10. Be3 O-O-O 11. Nbc3 Re8 12. Rd2 Bc6 13. Rad1 b6 14. f3
Ne7 15. Nf4 Ng6 16. Nxg6 hxg6 17. Bf4 Be7 18. Nd5 Bd8 19. Bg3 f5 20. Re1 c4 21.
e5 g5 22. e6 f4 23. Bf2 Bxd5 24. Rxd5 Rh6 25. Rd4 c3 26. bxc3 Rexe6 27. Rde4
Rxe4 28. Rxe4 Rd6 29. Kf1 Bf6 30. Bd4 Rc6 31. Bxf6 gxf6 32. h4 f5 33. Rd4 gxh4
34. c4 Rh6 35. Rxf4 h3 36. gxh3 Rxh3 37. Ke2 Rh5 38. Rd4 Kb7 39. Kd3 Kc6 40. Rd5
a5 41. Kc3 Rg5 42. Kb3 Rh5 43. c3 Rg5 44. f4 Rh5 45. Re5 Kd7 46. Ka3 1/2-1/2

[Event "Saint Louis Masters 2026"]
[Site "Saint Louis USA"]
[Date "2026.02.25"]
[Round "2.8"]
[White "Warmerdam, Max"]
[Black "Kacharava, Nikolozi"]
[Result "1/2-1/2"]
[WhiteTitle "GM"]
[BlackTitle "GM"]
[WhiteElo "2580"]
[BlackElo "2501"]
[WhiteFideId "1048104"]
[BlackFideId "13611860"]
[EventDate "2026.02.25"]

1. e4 e5 2. Nf3 Nc6 3. Bb5 Nf6 4. d3 Bc5 5. Bxc6 dxc6 6. Bg5 Qd6 7. Nbd2 Be6 8.
a3 Nd7 9. b4 Bb6 10. Nc4 Bxc4 11. dxc4 Qxd1+ 12. Rxd1 f6 13. Bc1 c5 14. Ke2 Ke7
15. Rd3 Rhd8 16. Rhd1 c6 17. Nd2 Nf8 18. Nb3 Ne6 19. Be3 Rxd3 20. cxd3 Nd4+ 21.
Bxd4 cxd4 22. Rb1 Bc7 23. a4 a6 24. c5 a5 25. Nxa5 Kd7 26. Nc4 Rxa4 27. h4 h5
28. Kf3 Ra2 29. Rg1 Ke6 30. Rb1 Kd7 31. Rg1 Ke6 32. g4 hxg4+ 33. Rxg4 Kf7 34. h5
Ra1 35. Rh4 Rd1 36. Ke2 Rb1 37. h6 gxh6 38. Rxh6 Kg7 39. Rh3 Rxb4 40. Rg3+ Kf7
41. Rh3 Kg7 42. Rg3+ Kf7 43. Rh3 1/2-1/2